<?xml version="1.0" encoding="UTF-8"?>
<record
    xmlns:xsi="http://www.w3.org/2001/XMLSchema-instance"
    xsi:schemaLocation="http://www.loc.gov/MARC21/slim http://www.loc.gov/standards/marcxml/schema/MARC21slim.xsd"
    xmlns="http://www.loc.gov/MARC21/slim">

  <leader>01341nam a2200277 i 4500</leader>
  <controlfield tag="003">EG-ScBUE</controlfield>
  <controlfield tag="005">20240813114433.0</controlfield>
  <controlfield tag="008">110122s1997    ua o   f     000 0  ara d</controlfield>
  <datafield tag="017" ind1=" " ind2=" ">
    <subfield code="a">97 / 10245</subfield>
  </datafield>
  <datafield tag="020" ind1=" " ind2=" ">
    <subfield code="a">9775568081</subfield>
  </datafield>
  <datafield tag="040" ind1=" " ind2=" ">
    <subfield code="a">EG-ScBUE</subfield>
    <subfield code="b">ara</subfield>
    <subfield code="e">rda</subfield>
    <subfield code="c">EG-ScBUE</subfield>
    <subfield code="d">EG-ScBUE</subfield>
  </datafield>
  <datafield tag="043" ind1=" " ind2=" ">
    <subfield code="a">f-ua---</subfield>
  </datafield>
  <datafield tag="082" ind1="0" ind2="4">
    <subfield code="a">962.06</subfield>
    <subfield code="b">&#x62C; &#x631; &#x64A;</subfield>
    <subfield code="2">22</subfield>
  </datafield>
  <datafield tag="245" ind1="0" ind2="2">
    <subfield code="a">&#x627;&#x644;&#x62C;&#x631;&#x64A;&#x645;&#x629; &#x648;&#x627;&#x644;&#x639;&#x642;&#x627;&#x628; :</subfield>
    <subfield code="b">&#x623;&#x639;&#x64A;&#x62F;&#x648;&#x627; &#x62D;&#x642;&#x648;&#x642; &#x627;&#x644;&#x623;&#x633;&#x631;&#x649; &#x648;&#x62D;&#x627;&#x643;&#x645;&#x648;&#x627; &#x627;&#x644;&#x642;&#x62A;&#x644;&#x629; :&#x62A;&#x642;&#x631;&#x64A;&#x631; &#x627;&#x644;&#x645;&#x646;&#x638;&#x645;&#x629; &#x62D;&#x648;&#x644; &#x627;&#x644;&#x627;&#x646;&#x62A;&#x647;&#x627;&#x643;&#x627;&#x62A; &#x627;&#x644;&#x62C;&#x633;&#x64A;&#x645;&#x629; &#x627;&#x644;&#x62A;&#x64A; &#x627;&#x631;&#x62A;&#x643;&#x628;&#x647;&#x627; &#x642;&#x627;&#x62F;&#x629; &#x648;&#x62C;&#x646;&#x648;&#x62F; &#x627;&#x644;&#x62C;&#x64A;&#x634; &#x627;&#x644;&#x625;&#x633;&#x631;&#x627;&#x626;&#x64A;&#x644;&#x64A; &#x636;&#x62F; &#x627;&#x644;&#x623;&#x633;&#x631;&#x649; &#x648;&#x627;&#x644;&#x645;&#x62F;&#x646;&#x64A;&#x64A;&#x646; &#x627;&#x644;&#x645;&#x635;&#x631;&#x64A;&#x64A;&#x646; &#x623;&#x62B;&#x646;&#x627;&#x621; &#x62D;&#x631;&#x628;&#x64A; 1956 &#x648; 1967 &#x648;&#x62D;&#x631;&#x628; &#x627;&#x644;&#x627;&#x633;&#x62A;&#x646;&#x632;&#x627;&#x641;.</subfield>
  </datafield>
  <datafield tag="264" ind1=" " ind2="1">
    <subfield code="a">&#x627;&#x644;&#x642;&#x627;&#x647;&#x631;&#x629; :</subfield>
    <subfield code="b">&#x627;&#x644;&#x645;&#x646;&#x638;&#x645;&#x629; &#x627;&#x644;&#x645;&#x635;&#x631;&#x64A;&#x629; &#x644;&#x62D;&#x642;&#x648;&#x642; &#x627;&#x644;&#x625;&#x646;&#x633;&#x627;&#x646;&#x60C;</subfield>
    <subfield code="c">1997.</subfield>
  </datafield>
  <datafield tag="300" ind1=" " ind2=" ">
    <subfield code="a">193 &#x635;&#x641;&#x62D;&#x629; :</subfield>
    <subfield code="b">&#x635;&#x648;&#x631; &#x61B;</subfield>
    <subfield code="c">25 &#x633;&#x645;</subfield>
  </datafield>
  <datafield tag="336" ind1=" " ind2=" ">
    <subfield code="2">rdacontent</subfield>
    <subfield code="a">&#x646;&#x635;</subfield>
    <subfield code="b">txt</subfield>
  </datafield>
  <datafield tag="337" ind1=" " ind2=" ">
    <subfield code="a">&#x628;&#x62F;&#x648;&#x646; &#x648;&#x633;&#x64A;&#x637;</subfield>
    <subfield code="2">rdamedia</subfield>
    <subfield code="b">n</subfield>
  </datafield>
  <datafield tag="338" ind1=" " ind2=" ">
    <subfield code="a">&#x645;&#x62C;&#x644;&#x62F;</subfield>
    <subfield code="b">nc</subfield>
    <subfield code="2">rdacarrier</subfield>
  </datafield>
  <datafield tag="541" ind1=" " ind2=" ">
    <subfield code="a">&#x62F;. &#x628;&#x627;&#x633;&#x645; &#x627;&#x62D;&#x645;&#x62F; &#x61B;</subfield>
    <subfield code="c">&#x625;&#x647;&#x62F;&#x627;&#x621; &#x61B;</subfield>
  </datafield>
  <datafield tag="650" ind1=" " ind2="7">
    <subfield code="9">22138</subfield>
    <subfield code="a">&#x627;&#x644;&#x62D;&#x631;&#x648;&#x628; &#x627;&#x644;&#x639;&#x631;&#x628;&#x64A;&#x629; &#x627;&#x644;&#x627;&#x633;&#x631;&#x627;&#x626;&#x64A;&#x644;&#x64A;&#x629;</subfield>
    <subfield code="x">&#x623;&#x633;&#x631;&#x649; &#x627;&#x644;&#x62D;&#x631;&#x628;.</subfield>
    <subfield code="2">BUEsh</subfield>
  </datafield>
  <datafield tag="650" ind1=" " ind2="7">
    <subfield code="9">17148</subfield>
    <subfield code="a">&#x62D;&#x631;&#x628; &#x64A;&#x648;&#x646;&#x64A;&#x648;1967&#x645;</subfield>
    <subfield code="z">&#x645;&#x635;&#x631;.</subfield>
    <subfield code="2">BUEsh</subfield>
  </datafield>
  <datafield tag="650" ind1=" " ind2="7">
    <subfield code="9">16923</subfield>
    <subfield code="a">&#x627;&#x644;&#x627;&#x639;&#x62A;&#x62F;&#x627;&#x621; &#x627;&#x644;&#x62B;&#x644;&#x627;&#x62B;&#x64A; &#x639;&#x644;&#x649; &#x645;&#x635;&#x631; 1956.</subfield>
    <subfield code="2">BUEsh</subfield>
  </datafield>
  <datafield tag="655" ind1=" " ind2=" ">
    <subfield code="v">Reading book</subfield>
  </datafield>
  <datafield tag="942" ind1=" " ind2=" ">
    <subfield code="2">ddc</subfield>
    <subfield code="c">BB</subfield>
  </datafield>
  <datafield tag="999" ind1=" " ind2=" ">
    <subfield code="c">14944</subfield>
    <subfield code="d">14944</subfield>
  </datafield>
  <datafield tag="952" ind1=" " ind2=" ">
    <subfield code="0">0</subfield>
    <subfield code="1">0</subfield>
    <subfield code="2">ddc</subfield>
    <subfield code="4">0</subfield>
    <subfield code="7">0</subfield>
    <subfield code="8">Donation-G</subfield>
    <subfield code="a">MAIN</subfield>
    <subfield code="b">MAIN</subfield>
    <subfield code="c">2ND</subfield>
    <subfield code="d">2011-01-22</subfield>
    <subfield code="e">Donation</subfield>
    <subfield code="o">962.06 &#x62C; &#x631; &#x64A;</subfield>
    <subfield code="p">000022787</subfield>
    <subfield code="r">2025-07-15 00:00:00</subfield>
    <subfield code="s">2011-05-29</subfield>
    <subfield code="y">BB</subfield>
  </datafield>
</record>
